1581 1825 1812 1878 1623 1125 1678 1081 1134 1249 1790 1807 1254 1185 1271 1086 1570 1858 1345 1125 1880 1457 1020 1424 1382 1858 1839 1354 1545 1231 1362 1668 1229 1314 1260 1541 1690 1697 1537 1866 1795 1090 1387 1726 1985 1747 1275 1278 1940 1077 1031 1338 1617 1432 1156 1073 1019 1584 1608 1338 1268 1940 1500 1047 1809 1639 1744 1562 1013 1515 1291 1120 1751 1718 1015 1953 1141 1828 1108 1082 1000 1758 1700 1106 1313 1882 1208 1915 1708 1319 1689 1006 1162 1472 1709 1188 1275 1455 1266 BCNSPRNW ULIB Ver.6.0+V

เปลี่ยนเป็นภาษาไทย

Change to English
 แสดงรายละเอียดบรรณานุกรม
  กลับหน้าหลัก

Brief Record : Get Marc (ISO 2709) : E-mail record : QR code < ปิดหน้าต่าง
LEADER : 00000nam 2200000uu 4500
001    13399111038
003     ULIB
008    110615s2547||||th 000 0 tha d
020    974971203X
050  4 BF38.5^bม576จ 2547
100 0  มัลลิกา คณานุรักษ์
245 10 จิตวิทยาการสื่อสารของมนุษย์ /^cมัลลิกา คณานุรักษ์
250    พิมพ์ครั้งที่ 1
260    กรุงเทพฯ :^bโอเดียนสโตร์,^c2547
300    266 หน้า :^bภาพประกอบ ;^c24 ซม.
650  7 การสื่อสาร^xแง่จิตวิทยา
650  7 การสื่อสารระหว่างบุคคล^xแง่จิตวิทยา
945    ^p180^l0^i016987
945    ^p180^l0^i031690
945    ^p180^l0^i031691
995    ทศพร
999 ^a ใช้งานได้ทุกระบบ
รายการนี้ยังไม่มีแท็ก
คุณยังไม่ได้ล็อกอิน คุณสามารถมีกิจกรรมร่วมกับเว็บไซต์ได้ แต่ต้องล็อกอินก่อน ::
  ล็อกอิน

รายการสื่อสารสนเทศ

ลำดับที่ ประเภท เลขเรียก/บาร์โค้ด สถานที่ สถานะ
- ไม่พบข้อมูล -

รายการใกล้เคียง
    ผู้แต่ง [มัลลิกา คณานุรักษ์]

BibComment


ยังไม่เคยถูกคอมเมนท์

คอมเมนท์ทรัพยากรรายการนี้
  คอมเมนท์: จิตวิทยาการสื่อสา..


 Copyright 2026. Bcnsprnw @Library